Michael Sheen Filmography - Statistics

General Stats
  • This quiz has been taken 44 times
    7 since last reset
  • The average score is 41 of 241
Answer Stats
Type Year Name % Correct
TV Show 2019-2025 Good Omens
100%
Film 2003 Bright Young Things
86%
Theater 2006-2007 Frost/Nixon
86%
Film 2008 Frost/Nixon
86%
TV Show 2019-2021 Prodigal Son
86%
TV Show 2020-2023 Staged
86%
Radio Play 1999 Hamlet
71%
Theater 2011-2012 Hamlet
71%
Film 2024 National Theatre Live: Nye
71%
Theater 2024-2025 Nye
71%
Film 2010 Unthinkable
71%
Audiobook 1999 Walton: Hamlet/As You Like It
71%
Film 2010 Alice in Wonderland
57%
Video Game 2010 Alice in Wonderland
57%
Film 2010 Beautiful Boy
57%
Film 2020 Dolittle
57%
Film 2015 Far from the Madding Crowd
57%
TV Show 2013-2016 Masters of Sex
57%
Film 2016 Passengers
57%
Theater 1992 Romeo and Juliet
57%
Audiobook 1997 Romeo and Juliet
57%
Film 2006 The Queen
57%
Film 1997 Wilde
57%
Film 2016 Alice Through the Looking Glass
43%
Film 2018 Apostle
43%
Web Mini-Series 2024 A Very Royal Scandal
43%
TV Show 2023 Best Interests
43%
TV Show 2011 Doctor Who
43%
TV Film 2006 H G Wells: War with the World
43%
Film 2004 Laws of Attraction
43%
Film 1995 Othello
43%
TV Mini-Series 2020 Quiz
43%
Film 2009 The Damned United
43%
TV Film 2003 The Deal
43%
Web Series 2019 The Good Fight
43%
Theater 2011 The Passion
43%
TV Show 2019-2021 There's Something About Movies
43%
Film 2011 The Twilight Saga: Breaking Dawn - Part 1
43%
Film 2012 The Twilight Saga: Breaking Dawn - Part 2
43%
TV Film 2024 The Way
43%
Director 2024 The Way
43%
Film 2010 Tron: Legacy
43%
Film 2003 Underworld
43%
Film 2009 Underworld: Rise of the Lycans
43%
TV Show 2010 30 Rock
29%
Film 2006 Dead Long Enough
29%
TV Show 2004 Dirty Filthy Love
29%
TV Mini-Series 1993 Gallowglass
29%
Short Film 2020 Good Omens: Lockdown
29%
Film 2002 Heartlands
29%
Film 2017 Home Again
29%
Music Video 2010 (It's Not War) Just the End of Love
29%
Film 2012 Jesus Henry Christ
29%
Film 2021 Last Train to Christmas
29%
TV Documentary 2025 Michael Sheen's Secret Million Pound Giveaway
29%
Film 2011 Midnight in Paris
29%
Radio Play 1993 Much Ado About Nothing
29%
Film 2007 Music Within
29%
Film 2016 Nocturnal Animals
29%
TV Short 2021 Saturday Knight Takeaway
29%
Film 2014 The Adventurer: The Curse of the Midas Box
29%
Podcast 2020-2022 The Sandman
29%
Web Series 2022 The Sandman
29%
TV Mini-Series 2014 The Spoils of Babylon
29%
TV Show 2024 The Wheel
29%
TV Film 2014 Under Milk Wood
29%
Theater 2021 Under Milk Wood
29%
TV Show 2022 Vardy v Rooney: A Courtroom Drama
29%
TV Film 2015 7 Days in Hell
14%
Film 2013 Admission
14%
Audiobook 1999 A Lover's Gift: From Him to Her
14%
Theater 1998-1999 Amadeus
14%
Documentary Mini-Series 2006 Ancient Rome: The Rise and Fall of an Empire
14%
TV Show 2018 Animals.
14%
Documentary 2014 Attacking the Devil
14%
Theater 1992 A View from the Bridge
14%
Film 2006 Blood Diamond
14%
TV Show 2016 Bookaboo
14%
Film 2017 Brad's Status
14%
Radio Play 2024 Buried: The Last Witness
14%
Documentary Mini-Series 2023 Captains of the World
14%
Music Video 2020 Corner of My Sky
14%
Theater 1993 Don't Fool With Love
14%
Film 2020 Faith Healer
14%
Theater 2020 Faith Healer
14%
Theater 1993 Forever Yours, Marie-Lou
14%
TV Show 2021 Gogglebox
14%
Film TBA Heart of Darkness
14%
Theater 1997 Henry V
14%
Film 2019 How to Build a Girl
14%
Theater 1993 Ion
14%
Audiobook 2018 Jeff Wayne's The War of the Worlds - The Musical Drama
14%
TV Film 2006 Kenneth Williams: Fantabulosa!
14%
Film 2014 Kill the Messenger
14%
Film 2005 Kingdom of Heaven
14%
Theater 1995, 1999 Look Back in Anger
14%
Theater 1999 Look Back in Anger
14%
TV Short 1998 Lost in France
14%
Film 1996 Mary Reilly
14%
Web Special 2017 Michael Bolton's Big, Sexy Valentine's Day Special
14%
Radio Play 2022 Michael Sheen: Margins to Mainstream
14%
Theater 1993 Moonlight
14%
Film 2009 My Last Five Girlfriends
14%
Film 2016 Norman: The Moderate Rise and Tragic Fall of a New York Fixer
14%
Theater 1994 Peer Gynt
14%
TV Show 2006 Punk'd
14%
Film 2011 Resistance
14%
Theater 1996-1997 Richard II
14%
TV Show 1993 Sean's Show
14%
Film 2018 Slaughterhouse Rulez
14%
Audiobook 2005 Stories from Shakespeare
14%
Radio Play 1994 Strangers on a Train
14%
Short Film 2004 The Banker
14%
Theater 1993 The Blind Men
14%
TV Show 2024 The Chase
14%
Film 2002 The Four Feathers
14%
Film 2012 The Gospel of Us
14%
TV Show 1997 The Grand
14%
TV Show 2015 The Great Comic Relief Bake Off
14%
Audiobook 1995 The Idiot
14%
Radio Play 1995 The Importance of Being Earnest
14%
Film 2005 The League of Gentlemen's Apocalypse
14%
TV Short 2017 The Missing Crown Jewels
14%
Short Film 2005 The Open Doors
14%
Audiobook 1995 The Picture of Dorian Gray
14%
TV Film 2010 The Special Relationship
14%
Film 2009 The Twilight Saga: New Moon
14%
Film 2003 Timeline
14%
Film 2010 Tinker Bell and the Great Fairy Rescue
14%
TV Film 2018 To Provide All People
14%
Radio Play 1998 Troy
14%
Audiobook 1998 Walton: Henry V
14%
Theater 1991 When She Danced
14%
Short Film 2016 You Can Never Really Know Someone
14%
Documentary 2009 You're the Boss
14%
TV Short 2021 2020: The Movie
0%
Theater 2005 24 Hour Play
0%
Theater 1988-1989 A Chaste Maid in Cheapside
0%
TV Film 2009 A Child's Christmases in Wales
0%
Short Film 2007 Airlock, or How to Say Goodbye in Space
0%
Radio Play 1995 Alaska
0%
Theater 1996-1997 A Little Night Music
0%
Radio Play 2011 A Month of Sundays
0%
TV Short 1998 Animated Epics: Beowulf
0%
Documentary Series 2010 Arena
0%
TV Documentary 2016 A River
0%
Radio Play 1997 A White Merc With Fins
0%
Theater 1997 Badfinger
0%
Theater 2009 Betrayal
0%
Theater 1996-1997 Blinded by the Sun
0%
Theater 1996-1997 Blue Remembered Hills
0%
Documentary Series 2011 Britain & Ireland from the Sky: 3D
0%
Theater 2003 Caligula
0%
Theater 1994-1995 Charley's Aunt
0%
Radio Play 2021 Christmas Day with Michael Sheen
0%
TV Special 2023 Christmas with Katherine Jenkins
0%
TV Show 2015 Comedy Bang! Bang!
0%
Audiobook 1994 Crime and Punishment
0%
Audiobook 1995 Dangerous Liaisons
0%
Documentary Mini-Series 2025 David Frost Vs
0%
Theater 1996-1997 Death of a Salesman
0%
TV Film 1999 Doomwatch: Winter Angel
0%
Theater 1996-1997 Elsinore
0%
Radio Play 2025 Facing the Music
0%
Theater 1996-1997 Fair Ladies at a Game of Cards
0%
Film 2011 Few Options
0%
Theater 1996-1997 Frogs
0%
Theater 1997 Gas Station Angel
0%
TV Documentary 2025 Gavin & Stacey: A Fond Farewell
0%
Audiobook 1994 Great Poets of the Romantic Age
0%
Theater 1996-1997 Guys and Dolls
0%
Theater 2009 Harold Pinter: A Celebration
0%
Theater 1990-1991 Hay Fever
0%
Radio Play 2010 Hello, Good Evening and Welcome: The David Frost Story
0%
TV Show 1993 In Suspicious Circumstances
0%
TV Show 2010 Joe Goes
0%
Theater 1996-1997 John Gabriel Borkman
0%
Documentary Mini-Series 2023 Jonathan Ross' Myths and Legends
0%
Radio Play 2010 Kenneth Tynan's Theatre Writings
0%
Audiobook 2017 La Belle Sauvage
0%
Audiobook 1997 Lady Windermere's Fan
0%
Theater 1994 Le Livre de Spencer
0%
Theater 1996-1997 Light Shining in Buckinghamshire
0%
TV Show 1993 Maigret
0%
Theater 1996-1997 Mary Stuart
0%
TV Show 2025 Michael McIntyre's Big Show
0%
Radio Play 2024 Michael Sheen Gets Into Character
0%
TV Documentary 2015 Michael Sheen's Valleys Rebellion
0%
Theater 1996-1997 Mother Courage and Her Children
0%
Theater 1991 Neon Gravy
0%
Audiobook 1999 Oedipus
0%
Documentary Mini-Series 2011 Passion in Port Talbot
0%
Podcast 2023 People, Just People
0%
Radio Play 2010 Playing the Dane
0%
TV Show 2019 Pobol y Cwm
0%
Audiobook 1997 Poets of the Great War
0%
Short Documentary 2023 Pouring Water on Troubled Oil
0%
Theater 1996-1997 Rosencrantz and Guildenstern Are Dead
0%
Radio Play 2007 Salmon Fishing in the Yemen
0%
Documentary 2024 Shine On: The Forgotten Shining Location
0%
TV Show 2015 Singing in the Rainforest
0%
Theater 2000 Smithereens
0%
Theater 1996-1997 Stanley
0%
Theater 1988-1989 The Bacchae
0%
TV Mini-Series 2006 The Battle for Rome
0%
Theater 1990-1991 The Confederacy
0%
Theater 1996-1997 The Cripple of Inishmaan
0%
Theater 1996-1997 The Designated Mourner
0%
Theater 1995 The Dresser
0%
Theater 1996-1997 The Ends of the Earth
0%
Audiobook 1999 The Essential Dylan Thomas: Poetry and Stories
0%
TV Show 2015 The Great British Bake Off: An Extra Slice
0%
Audiobook 1996 The Great Poets - John Keats
0%
Audiobook 1997 The Great Poets - Samuel Taylor Coleridge
0%
Theater 1996-1997 The Homecoming
0%
Theater 1990-1991 The Language of Flowers
0%
Film TBA The Last Disturbance of Madeline Hynde
0%
TV Documentary 1998 The Man Who Jumped to Earth
0%
Radio Play 2013 The Ocean at the End of the Lane
0%
Theater 1996-1997 The Oedipus Plays
0%
Audiobook 1996 The Old Testament
0%
Radio Play 2004 The Pretenders
0%
Theater 1996-1997 The Prince's Play
0%
Theater 1996-1997 The Red Balloon
0%
Audiobook 2025 The Rose Field
0%
Theater 1995 The Seagull
0%
Audiobook 2019 The Secret Commonwealth
0%
Theater 1996-1997 The Seven Streams of the River Ota
0%
TV Mini-Series 2015 The Spoils Before Dying
0%
Theater 2005 The UN Inspector
0%
Theater 1996-1997 The Way of the World
0%
Radio Play 1997 The West Pier
0%
Documentary 2021 The Young Leaders - One Young World Stories
0%
TV Show 2009, 2015 Top Gear
0%
Commercial 2016 UNICEF
0%
Theater 1996-1997 Volpone
0%
Theater 1996-1997 War and Peace
0%
TV Documentary 2014 War of Words: Soldier-Poets of the Somme
0%
Theater 2024 White Rabbit, Red Rabbit
0%
Theater 1996-1997 Wild Oats
0%
Documentary 2023 Written in the Stars: The Official Film of the FIFA World Cup Qatar 2022
0%
No matching quizzes found
Score Distribution
Percent of People with Each Score
Percentile by Number Answered
Your Score History
You have not taken this quiz since the last reset